<?xml version="1.0" encoding="UTF-8"?>
<record
    xmlns:xsi="http://www.w3.org/2001/XMLSchema-instance"
    xsi:schemaLocation="http://www.loc.gov/MARC21/slim http://www.loc.gov/standards/marcxml/schema/MARC21slim.xsd"
    xmlns="http://www.loc.gov/MARC21/slim">

  <leader>02961nam a2200313 a 4500</leader>
  <controlfield tag="003">OSt</controlfield>
  <controlfield tag="005">20251111145121.0</controlfield>
  <controlfield tag="007">cr ||||||a|c|a</controlfield>
  <controlfield tag="008">230530s2019    mx a|||fom||| 001 0 spa d</controlfield>
  <datafield tag="040" ind1=" " ind2=" ">
    <subfield code="e">rda</subfield>
  </datafield>
  <datafield tag="100" ind1="1" ind2=" ">
    <subfield code="9">187239</subfield>
    <subfield code="a">Ram&#xED;rez Nu&#xF1;ez, Hector Sinuhe</subfield>
  </datafield>
  <datafield tag="245" ind1="1" ind2="0">
    <subfield code="a">Comportamiento de dos especies de poaceas Pappophorum vaginatum Buckley, 1886 y Pennisetum ciliare L. 1758, en Mapim&#xED;, Durango /</subfield>
    <subfield code="c">por Hector Sinuhe Ram&#xED;rez Nu&#xF1;ez y Filiberto Silerio Rodelo; director de tesis Gonzalo Hern&#xE1;ndez Ibarra.</subfield>
  </datafield>
  <datafield tag="264" ind1=" " ind2="1">
    <subfield code="a">Durango, M&#xE9;xico :</subfield>
    <subfield code="b">El autor,</subfield>
    <subfield code="c">2019.</subfield>
  </datafield>
  <datafield tag="300" ind1=" " ind2=" ">
    <subfield code="a">1 recurso en l&#xED;nea (63 p&#xE1;ginas):</subfield>
    <subfield code="b">cuadros, figuras.</subfield>
  </datafield>
  <datafield tag="336" ind1=" " ind2=" ">
    <subfield code="2">rdacontent</subfield>
    <subfield code="a">texto</subfield>
    <subfield code="b">txt</subfield>
  </datafield>
  <datafield tag="337" ind1=" " ind2=" ">
    <subfield code="2">rdamedia</subfield>
    <subfield code="a">computadora</subfield>
    <subfield code="b">c</subfield>
  </datafield>
  <datafield tag="338" ind1=" " ind2=" ">
    <subfield code="2">rdacarrier</subfield>
    <subfield code="a">recurso en l&#xED;nea</subfield>
    <subfield code="b">cr</subfield>
  </datafield>
  <datafield tag="502" ind1=" " ind2=" ">
    <subfield code="b">ISP</subfield>
    <subfield code="c">URUZA</subfield>
    <subfield code="d">2019.</subfield>
    <subfield code="g">LIC</subfield>
  </datafield>
  <datafield tag="504" ind1=" " ind2=" ">
    <subfield code="a">Incluye referencias bibliogr&#xE1;ficas: p&#xE1;ginas 43-48.</subfield>
  </datafield>
  <datafield tag="520" ind1=" " ind2=" ">
    <subfield code="a">El experimento comenz&#xF3; en el a&#xF1;o 2014 (verano) y finaliz&#xF3; en 2016 (primavera), en un &#xE1;rea de 4,500 m2 del rancho &#x201C;El Carmen&#x201D; de la Universidad Aut&#xF3;noma Chapingo, en Tlahualilo, Durango (zona del Bols&#xF3;n de Mapim&#xED;), a una altitud de 1110 m, donde se desarrollaron los pasos siguientes: Selecci&#xF3;n del &#xE1;rea del experimento, Selecci&#xF3;n de gram&#xED;neas a translocar, Translocaci&#xF3;n de especies, Riego de auxilio, Medici&#xF3;n de las variables y An&#xE1;lisis estad&#xED;stico. Resultando en una sobrevivencia para las dos especies de gram&#xED;neas: pasto lanoso (Papophorum vaginatum Buckley, Prelim. Rep. Surv. Texas App. 1. 1886) y pasto Buffel (Pennisetum ciliare L. Mant. Pl. 2:302. 1771) bajo la prueba de Log-Rank con una Chi-cuadrada de 1.53 que corresponde a una probabilidad de significancia de 0.22 indicando que durante el periodo de evaluaci&#xF3;n el pasto Buffel mostr&#xF3; una sobrevivencia muy similar a la del pasto lanoso; sin embargo, existe una leve diferencia a favor de esta &#xFA;ltima a trav&#xE9;s del tiempo. Para la variable total de espigas (TE), fue significativa (p&lt;0.01) tanto en el periodo de adaptaci&#xF3;n, as&#xED; como entre especies de gram&#xED;neas con una Lambda de Wilks de 0.6 a 0.7; cuyo comportamiento fue ajustado a un modelo lineal para cada especie; donde el pasto lanoso; mostr&#xF3; una tasa de incremento del tama&#xF1;o de espiga mayor a trav&#xE9;s del periodo de adaptaci&#xF3;n que el pasto Buffel. En el mercado de semillas no existen variedades de Pappophorum vaginatum Buckley, Prelim. Rep. Surv. Texas App. 1. 1886, tal como las hay de Pennisetum ciliare L Mant. Pl. 2:302. 1771.</subfield>
  </datafield>
  <datafield tag="650" ind1=" " ind2="4">
    <subfield code="9">187241</subfield>
    <subfield code="a">Zacate Buffel</subfield>
    <subfield code="x">Rendimiento</subfield>
  </datafield>
  <datafield tag="650" ind1=" " ind2="4">
    <subfield code="9">187242</subfield>
    <subfield code="a">Pappophorum vaginatum</subfield>
    <subfield code="x">Rendimiento</subfield>
  </datafield>
  <datafield tag="650" ind1=" " ind2="4">
    <subfield code="9">86122</subfield>
    <subfield code="a">Pastos forrajeros</subfield>
    <subfield code="x">Valor nutritivo</subfield>
  </datafield>
  <datafield tag="650" ind1=" " ind2="4">
    <subfield code="9">86095</subfield>
    <subfield code="a">Pastos forrajeros</subfield>
    <subfield code="x">An&#xE1;lisis</subfield>
  </datafield>
  <datafield tag="700" ind1="1" ind2=" ">
    <subfield code="9">187240</subfield>
    <subfield code="a">Silerio Rodelo, Filiberto</subfield>
  </datafield>
  <datafield tag="700" ind1="1" ind2=" ">
    <subfield code="9">54178</subfield>
    <subfield code="a">Hern&#xE1;ndez Ibarra, Gonzalo</subfield>
    <subfield code="e">director.</subfield>
  </datafield>
  <datafield tag="856" ind1=" " ind2=" ">
    <subfield code="u">http://10.13.5.2/tesis/tl/Ramirez_Nunez_Hector_Sinuhe.pdf</subfield>
    <subfield code="z">DESCARGAR PDF</subfield>
  </datafield>
  <datafield tag="942" ind1=" " ind2=" ">
    <subfield code="2">Clasificaci&#xF3;n Universidad Aut&#xF3;noma Chapingo</subfield>
    <subfield code="c">TD</subfield>
  </datafield>
  <datafield tag="999" ind1=" " ind2=" ">
    <subfield code="c">218859</subfield>
    <subfield code="d">218859</subfield>
  </datafield>
  <datafield tag="952" ind1=" " ind2=" ">
    <subfield code="0">0</subfield>
    <subfield code="1">0</subfield>
    <subfield code="2">local</subfield>
    <subfield code="4">0</subfield>
    <subfield code="5">1</subfield>
    <subfield code="7">0</subfield>
    <subfield code="8">TesDigL</subfield>
    <subfield code="a">BD</subfield>
    <subfield code="b">BD</subfield>
    <subfield code="c">E_L</subfield>
    <subfield code="d">2023-05-30</subfield>
    <subfield code="l">0</subfield>
    <subfield code="o">Tesis digital</subfield>
    <subfield code="r">2023-05-30 00:00:00</subfield>
    <subfield code="w">2023-05-30</subfield>
    <subfield code="y">TD</subfield>
  </datafield>
</record>
